Countries by Letter - C - Statistics

General Stats
  • This quiz has been taken 58 times
    48 since last reset
  • The average score is 13 of 16
Answer Stats
Countries % Correct
China
100%
Colombia
100%
Cambodia
96%
Canada
96%
Chile
92%
Czech Republic
92%
Cameroon
88%
Cape Verde
88%
Cuba
88%
Cyprus
84%
Chad
80%
Comoros
80%
Croatia
80%
Central African Republic
76%
Costa Rica
76%
Congo (Republic of)
16%
No matching quizzes found
Score Distribution
Percent of People with Each Score
Percentile by Number Answered
Your Score History
You have not taken this quiz since the last reset